Štúdium starnutia záznamových prostriedkov v dokumentoch pre kriminalisticko-technické účely bakalárska práca

Guardado en:
Detalles Bibliográficos
Autor principal: Jankovičová, Veronika
Formato: Libro
Lenguaje:eslovaco
Publicado: Bratislava STU FCHPT 2017
Acceso en línea:Ver en el OPAC
Etiquetas: Agregar Etiqueta
Sin Etiquetas, Sea el primero en etiquetar este registro!

MARC

LEADER 00000nam a2200000 a 4500
005 20260127134237.0
008 171205 2017 xo 001 0 slo d
035 |a vtls011725500 
039 9 |y 201712051211  |z mschk03 
040 |a STUSCHK1  |b slo  |c STUSCHK1  |e AACR2 
100 1 |a Jankovičová, Veronika 
245 1 |a Štúdium starnutia záznamových prostriedkov v dokumentoch pre kriminalisticko-technické účely  |b bakalárska práca  |c Veronika Jankovičová 
260 |a Bratislava  |b STU FCHPT  |c 2017 
300 |a 41 s.  |b il.  |c 25 cm 
500 |a Študijný program: chémia, medicínska chémia a chemické materiály 
500 |a Študijný odbor: chémia, chemické technológie 
500 |a Školiace pracovisko: Oddelenie polygrafie a aplikovanej fotochémie 
500 |a Evid. číslo: FCHPT-13569-61228 
910 |a SCHK95 
999 |c 7687  |d 7687